000 00735nam a2200277Ia 4500
001 Z_1590
003 CHAP
008 220113s1992 xx 000 0 und d
010 _a164677
040 _cCHAP
090 _aFolleto 306
100 _aLópez Ríos, Georgina Florencia
_968299
245 _aGramíneas /
_cpor Georgina Florencia López Ríos
260 _aChapingo, Méx. :
_bUACH. Dirección de Difusión Cultural,
_c1992
300 _a88 p. ; ilus
440 _aApoyos académicos, 17
_9138728
500 _a
503 _a
650 _aGramíneas I. UACH. Dirección de Difusión Cultural
_9138729
901 _aFolleto 306
902 _aA
910 _a1992
942 _cc14
942 _cc14
999 _c164677
_d164677